Územné a správne členenie. 2

Pripravovaná reforma územno-správneho členenia Slovenskej republiky. Modelovanie nového územného celku. Rôzne hľadiská modelovania územných celkov - z hľadiska vymedzenia územia, veľkosti, kompetencií, vymedzenie výkonných orgánov, z hľadiska príjmov a majetku.

Gespeichert in:
Bibliographische Detailangaben
1. Verfasser: Hutta, V.
Format: Buchkapitel
Sprache:Slowakisch
Schlagworte:
Tags: Tag hinzufügen
Keine Tags, Fügen Sie das erste Tag hinzu!

MARC

LEADER 00000naa a2200000 4500
001 r017843
005 20221213101428.7
041 0 |a slo 
044 |a SK 
245 1 0 |a Územné a správne členenie. 2  |c V. Hutta 
520 |a Pripravovaná reforma územno-správneho členenia Slovenskej republiky. Modelovanie nového územného celku. Rôzne hľadiská modelovania územných celkov - z hľadiska vymedzenia územia, veľkosti, kompetencií, vymedzenie výkonných orgánov, z hľadiska príjmov a majetku. 
610 2 0 |a reformy štruktúrne 
610 2 0 |a kraje 
610 2 0 |a okresy 
610 2 0 |a obce 
610 2 0 |a právomoc 
610 2 0 |a Slovensko 
610 2 0 |a orgány štátne 
610 2 0 |a správa štátna 
610 2 0 |a agenda spisová 
610 2 0 |a administratíva 
610 2 0 |a regionalizácia 
100 1 |a Hutta, V.